do u really? - Lyn Lapid (All Lyrics) - Statistics

General Stats
  • This quiz has been taken 6 times
  • The average score is 240 of 314
Answer Stats
Hint Answer % Correct
Chorus | Intro | Post-Chorus Do
100%
do
100%
really
100%
the
100%
you
100%
You
100%
are
83%
fall
83%
I
83%
in
83%
into
83%
just
83%
love?
83%
love
83%
me
83%
me?
83%
still
83%
and
67%
around?
67%
But
67%
down
67%
Even
67%
find
67%
for
67%
givin'
67%
go
67%
happy
67%
heart
67%
her
67%
(hey
67%
hey
67%
hey)
67%
high
67%
hints
67%
hopes
67%
if
67%
Outro If
67%
know
67%
lead
67%
leave
67%
mess
67%
my
67%
on?
67%
on
67%
one?
67%
Or
67%
say
67%
settle
67%
that
67%
then
67%
this
67%
to
67%
up
67%
wait
67%
wanna
67%
we
67%
were
67%
Will
67%
winks
67%
yeah
67%
you're
67%
again
50%
all
50%
break
50%
choose
50%
drive
50%
forsaken
50%
get
50%
grow
50%
grown
50%
have
50%
Havin'
50%
here
50%
home
50%
it
50%
let
50%
lonesome
50%
Verse Openin'
50%
prove
50%
ring
50%
sewn
50%
so
50%
takin'
50%
told
50%
Tryna
50%
Verse Wonder
50%
won't
50%
Won't
50%
you've
50%
Bet
33%
Holdin'
33%
(oh-oh
33%
oh-oh)
33%
outta
33%
No matching quizzes found
Score Distribution
Percent of People with Each Score
Percentile by Number Answered
Your Score History
You have not taken this quiz